000 00484nam a2200169 a 4500
005 20140412111323.0
008 001113s19uu xx 00 eng d
020 _a971-134-106-9
050 _aFil 398.2
_bC551 1990
100 _aChorengel, Marla Yotoko
245 _aWhy the sky is high /
_cby Marla Yotoko Chorongel; edited by Melissa Y. Moran.
260 _aMakati :
_bBookmark,
_c1990.
300 _a29 p. ; ill.
650 _aLegends
650 _aFolktales
999 _c104474
_d104474